000 00532nam a2200145 a 4500
001 000029882
005 20200930055859.0
008 110426s1949 dr ac 000 0 spa d
040 _aDO-SdBNP
_bspa
_cBNPHU
082 _axxx
_bH918i
245 0 1 _aHomenajes del instituto sanmartiniano de Santo Domingo el 25 de febrero de 1949.
260 _aCiudad Trujillo, República Dominicana :
_bLuis Sánches Andújar Casa Editora :
_bEmbajada de la República de Argentina,
_c1949.
300 _a24 p. :
_bil., retrs. ;
_c23 cm.
049 _aBNPD
999 _c29374
_d29374